| 000 | 00477nam a22001697a 4500 | ||
|---|---|---|---|
| 003 | CEME | ||
| 005 | 20210628201734.0 | ||
| 008 | 210215b xxu||||| |||| 00| 0 eng d | ||
| 040 | _c. | ||
| 082 | _a355.009 MIL | ||
| 100 |
_aLt Col Sajjad Asghar _956601 |
||
| 245 | _aMilitary history a primer staff course 2000 | ||
| 260 |
_aQUETTA _bCOMMAND AND STAFF COLLEGE _c2000 |
||
| 300 | _a270P | ||
| 650 |
_aMILITARY HISTORY.COMMAND AND STAFF COLLEGE.CSC _956602 |
||
| 942 |
_cBK _2ddc |
||
| 999 |
_c566982 _d566982 |
||